000
00291nam a2200097Ia 4500
005
20251222144629.0
008
251222s9999||||xx |||||||||||||| ||spa||
082
_a
234.9/C76
245
0
_a
La Responsabilidad Pastoral de los Obispos frente a los Laicos Comprometidos en la Sociedad
942
_c
LIB
999
_c
16226
_d
16226